000 00508nam a22001937a 4500
003 OSt
008 220718b |||||||| |||| 00| 0 eng d
020 _a9789393159373
082 _a624.151 36
_bRAN/BA
100 _aRANJAN,GOPAL
_95227
100 _aRAO,A S R
_95228
245 _aBASIC AND APPIED SOIL MECHANICS
250 _a4 ed.
260 _a: NEW DELHI
_b;NEW AGE INTERNATIONAL PUBLISHERS
_c,2022
300 _aXVI + 760
650 _aSOIL MECHANICS
_999
700 _aRAO,A S R
_95228
942 _cBK
999 _c17530
_d17530